Closest Countries to Moscow - Statistics

General Stats
  • This quiz has been taken 158 times
  • The average score is 41 of 45
Answer Stats
Distance to Moscow Country % Correct
447 km | 278 mi Ukraine
99%
414 km | 257 mi Belarus
98%
1,135 km | 705 mi Sweden
98%
784 km | 487 mi Finland
97%
922 km | 573 mi Poland
97%
1,265 km | 786 mi Slovakia
97%
643 km | 400 mi Estonia
96%
1,528 km | 949 mi Germany
96%
583 km | 362 mi Latvia
96%
667 km | 414 mi Lithuania
96%
1,032 km | 641 mi Moldova
96%
1,543 km | 959 mi Norway
96%
1,108 km | 688 mi Romania
96%
1,549 km | 963 mi Denmark
95%
1,952 km | 1,213 mi Italy
95%
1,523 km | 946 mi Turkey
95%
1,322 km | 821 mi Hungary
94%
1,769 km | 1,099 mi Slovenia
94%
1,706 km | 1,060 mi Croatia
93%
1,754 km | 1,090 mi Greece
93%
1,692 km | 1,051 mi Armenia
91%
1,604 km | 997 mi Austria
91%
1,751 km | 1,088 mi Bosnia and Herzegovina
91%
1,483 km | 921 mi Bulgaria
91%
2,122 km | 1,319 mi France
91%
1,364 km | 848 mi Georgia
91%
1,598 km | 993 mi Serbia
91%
1,850 km | 1,150 mi Iran
90%
1,673 km | 1,040 mi Azerbaijan
89%
2,140 km | 1,330 mi Belgium
89%
881 km | 547 mi Kazakhstan
89%
1,963 km | 1,220 mi Netherlands
89%
2,098 km | 1,304 mi Switzerland
89%
1,932 km | 1,200 mi Albania
88%
1,890 km | 1,174 mi Montenegro
88%
2,069 km | 1,286 mi Iraq
86%
1,824 km | 1,133 mi Kosovo
85%
1,850 km | 1,150 mi Macedonia
85%
1,757 km | 1,092 mi Uzbekistan
85%
1,895 km | 1,177 mi Turkmenistan
84%
2,212 km | 1,374 mi San Marino
83%
2,178 km | 1,359 mi Luxembourg
82%
2,099 km | 1,304 mi Syria
82%
1,432 km | 890 mi Czechia
81%
2,147 km | 1,334 mi Liechtenstein
79%
No matching quizzes found
Score Distribution
Percent of People with Each Score
Percentile by Number Answered
Your Score History
You have not taken this quiz